| 000 | 00351nam a2200097Ia 4500 | ||
|---|---|---|---|
| 008 | 180205s9999 xx 000 0 und d | ||
| 100 | _aPatalinghug, Wyona C. | ||
| 245 |
_aTeaching guide for senior high school general chemistry 1 : _bspecialized subject/ academic-stem |
||
| 260 |
_aQuezon City _bCommision on higher education _c2016 |
||
| 300 | _a312 pages | ||
| 999 |
_c354952 _d354952 |
||